Statistiken für Längste Dinge Quiz

Klicken Sie hier um das Quiz zu spielen!

Allgemein

  • Dieses Quiz wurde 1,631 mal gespielt
  • Das Durchschnittsergebnis liegt bei 10 aus 23

Antwortstatistiken

Längstes was? Wie lang? Antwort % Korrekt
Land (ost-west)10'461 kmRussland
96%
Fluss6'852 kmNil
94%
Land (nord-süd)4'300 kmChile
85%
Fluss in Nordamerika6'051 kmMississippi /
Missouri
83%
Gewinnserie von Bundesliga-Titeln6FC Bayern München
77%
Herrschende britische Königin66 JahreKönigin Elisabeth II.
76%
Bergkette6'920 kmAnden
72%
Küstenlinie (Land)202'000 kmKanada
70%
Landesgrenze mit Deutschland811 kmTschechien
69%
Laufende US-Zeichentrickserie28 JahreThe Simpsons
59%
US-Staat (ost-west)1'300 kmAlaska
51%
Zeit als US-Präsident12 JahreFranklin Roosevelt
33%
Russischer Roman560'000 WörterKrieg und Frieden
30%
Herrschender französischer König72 JahreLudwig XIV.
28%
Distanz von der Erde
(menschengemachtes Objekt)
-Voyager 1
19%
Zeit als #1 des Schachs19 JahreGarri Kasparow
19%
Diktatorische Herrschaft52 JahreFidel Castro
17%
Reptilart8.7 mNetzpython
16%
Wort in "Mary Poppins"34 BuchstabenSupercalifragilistic-
expialigetisch
15%
Laufendes Broadway-
Musical
11'031 AuftritteDas Phantom
der Oper
14%
Längste Durststrecke in den World Series106 JahreChicago Cubs
7%
Buch der Bibel-Psalmen
7%
Höhlensystem627 kmMammoth Caves
3%

Verteilung der Resultate

Perzentil nach korrekt beantworteten Fragen

Anzahl Personen mit jedem Resultat

Ihre Resultats-Entwicklung

Sie haben dieses Quiz noch nicht gespielt